Granta : Home /

Kaydedildi:
Detaylı Bibliyografya
Diğer Yazarlar: Buford, Bill (edición) (edición)
Materyal Türü: Kitap
Dil:İspanyolca
Baskı/Yayın Bilgisi: Cambridge, Inglaterra : Granta, 1988, c1988
Konular:
Etiketler: Etiketle
Etiket eklenmemiş, İlk siz ekleyin!

MARC

LEADER 00000nam^a2200000^a^4500
001 000156179
005 20250521000000.0
009 20260310100454.355
020 |a 014-00-8604-8 
037 |a Acervo ITESO - Biblioteca 
041 |a ESP 
082 |a 805.  |b GRA 1988 V. 23 
240 1 1 |a [Granta] 
245 0 0 |a Granta :  |b Home /  |c B. Buford. 
264 4 |a Cambridge, Inglaterra :  |b Granta,  |c 1988, c1988 
300 |a 256 p. 
336 |a texto  |b txt  |2 rdacontenido 
337 |a sin mediación  |b n  |2 rdamedio 
338 |a volumen  |b nc  |2 rdasoporte 
649 |a XX 
650 |a Literatura -  |x Publicaciones Periódicas Inglesas 
650 |a Escritores Ingleses 
650 |a Escritores -  |x Condiciones Sociales y Culturales 
650 |a Editores y Libreros Ingleses -  |x Condiciones Sociales y Culturales 
650 |a Vida Cotidiana 
650 |a Ensayos Ingleses 
650 |a Ensayos 
650 |a Guerrilla -  |z Perú 
650 |a Essex, Inglaterra -  |x Descripción 
650 |a Beirut, Líbano -  |x Descripción 
650 |a Gorbachov, Mijaíl 
650 |a Guzmán, Abimael 
650 |a Publicaciones Periódicas Inglesas 
700 |a Buford, Bill  |e (edición) 
910 |a Fondo General 
920 |a Impresos - Libros 
930 |a Colección General 
940 |a Literatura 
905 |a 101 
901 |a 0500083836  |b IT1  |c LIT  |u 20250521 
902 |a https://opac.biblio.iteso.mx/vufind/Record/000156179